MARC details
| 000 -LEADER |
| fixed length control field |
03432cam a2200445 i 4500 |
| 001 - CONTROL NUMBER |
| control field |
data |
| 005 - DATE AND TIME OF LATEST TRANSACTION |
| control field |
20260322212108.0 |
| 008 - FIXED-LENGTH DATA ELEMENTS--GENERAL INFORMATION |
| fixed length control field |
data |
| 035 ## - SYSTEM CONTROL NUMBER |
| System control number |
21916500 |
| 010 ## - LIBRARY OF CONGRESS CONTROL NUMBER |
| LC control number |
2021933765 |
| 015 ## - NATIONAL BIBLIOGRAPHY NUMBER |
| National bibliography number |
GBC143088 |
| Source |
bnb |
| 016 7# - NATIONAL BIBLIOGRAPHIC AGENCY CONTROL NUMBER |
| Record control number |
020134950 |
| Source |
Uk |
| 020 ## - INTERNATIONAL STANDARD BOOK NUMBER |
| International Standard Book Number |
9781839108426 |
| Qualifying information |
hardcover |
| 020 ## - INTERNATIONAL STANDARD BOOK NUMBER |
| International Standard Book Number |
1839108428 |
| Qualifying information |
hardcover |
| 020 ## - INTERNATIONAL STANDARD BOOK NUMBER |
| Canceled/invalid ISBN |
9781839108433 |
| Qualifying information |
electronic book |
| 035 ## - SYSTEM CONTROL NUMBER |
| System control number |
(OCoLC)1230461445 |
| 040 ## - CATALOGING SOURCE |
| Original cataloging agency |
YDX |
| Language of cataloging |
eng |
| Transcribing agency |
YDX |
| Description conventions |
rda |
| Modifying agency |
DLC |
| -- |
UKMGB |
| -- |
OCLCO |
| -- |
OCLCF |
| -- |
YDX |
| -- |
OCLCO |
| -- |
RCJ |
| -- |
DLC |
| 042 ## - AUTHENTICATION CODE |
| Authentication code |
lccopycat |
| 050 00 - LIBRARY OF CONGRESS CALL NUMBER |
| Classification number |
JC571 |
| Item number |
.C524 2021 |
| 082 04 - DEWEY DECIMAL CLASSIFICATION NUMBER |
| Classification number |
323 |
| Edition information |
23 |
| 245 04 - TITLE STATEMENT |
| Title |
The changing ethos of human rights / |
| Statement of responsibility, etc. |
edited by Hoda Mahmoudi, Alison Brysk, Kate Seaman. |
| 264 #1 - PRODUCTION, PUBLICATION, DISTRIBUTION, MANUFACTURE, AND COPYRIGHT NOTICE |
| Place of production, publication, distribution, manufacture |
Northampton, MA, USA : |
| -- |
Northampton, MA, USA : |
| Name of producer, publisher, distributor, manufacturer |
Edward Elgar Publishing, |
| Date of production, publication, distribution, manufacture, or copyright notice |
[2021] |
| 300 ## - PHYSICAL DESCRIPTION |
| Extent |
viii, 160 pages ; |
| Dimensions |
23 cm |
| 336 ## - CONTENT TYPE |
| Content type term |
text |
| Content type code |
txt |
| Source |
rdacontent |
| 337 ## - MEDIA TYPE |
| Media type term |
unmediated |
| Media type code |
n |
| Source |
rdamedia |
| 338 ## - CARRIER TYPE |
| Carrier type term |
volume |
| Carrier type code |
nc |
| Source |
rdacarrier |
| 504 ## - BIBLIOGRAPHY, ETC. NOTE |
| Bibliography, etc. note |
Includes bibliographical references and index. |
| 505 00 - FORMATTED CONTENTS NOTE |
| Miscellaneous information |
Introduction to The changing ethos of human rights / |
| Statement of responsibility |
Matthew S. Weinert. |
| Title |
Cultural heritage, cultural rights and care ethics / |
| Statement of responsibility |
Michael L. Penn -- |
| Title |
Dignity and treating others merely as means / |
| Statement of responsibility |
Samuel Kerstein -- |
| Title |
Making rights work : constructing care in a post-liberal world / |
| Statement of responsibility |
Alison Brysk -- |
| Title |
Race and feminist care ethics : intersectionality as method / |
| Statement of responsibility |
Parvati Raghuram -- |
| Title |
Difficult care : examining women's efforts in the Islamic Republic of Iran / |
| Statement of responsibility |
Hoda Mahmoudi -- |
| Title |
Empathy, caring, and the defense of human rights in a digital world / |
| Statement of responsibility |
Kate Seaman -- |
| Title |
Cultural heritage, cultural rights and care ethics / |
| Statement of responsibility |
Matthew S. Weinert. |
| 520 ## - SUMMARY, ETC. |
| Summary, etc. |
Utilizing the ethos of human rights, this insightful book captures the development of the moral imagination of these rights through history, culture, politics, and society. Moving beyond the focus on legal protections, it draws attention to the foundation and understanding of rights from theoretical, philosophical, political, psychological, and spiritual perspectives. The book surveys the changing ethos of human rights in the modern world and traces its recent histories and process of change, delineating the ethical, moral, and intellectual shifts in the field. Chapters incorporate and contribute to the debates around the ethics of care, considering some of the more challenging philosophical and practical questions. It highlights how human rights thinkers have sought to translate the ideals that are embodied in the Universal Declaration of Human Rights into action and practice. Interdisciplinary in nature, this book will be critical reading for scholars and students of human rights, international relations, and philosophy. Its focus on potential answers, approaches, and practices to further the cause of human rights will also be useful for activists, NGOs, and policy makers in these fields. |
| 650 #0 - SUBJECT ADDED ENTRY--TOPICAL TERM |
| Topical term or geographic name entry element |
Human rights. |
| 650 #7 - SUBJECT ADDED ENTRY--TOPICAL TERM |
| Topical term or geographic name entry element |
Human rights. |
| Source of heading or term |
fast |
| Authority record control number or standard number |
(OCoLC)fst00963285 |
| 700 1# - ADDED ENTRY--PERSONAL NAME |
| Personal name |
Mahmoudi, Hoda, |
| Relator term |
editor. |
| 700 1# - ADDED ENTRY--PERSONAL NAME |
| Personal name |
Brysk, Alison, |
| Dates associated with a name |
1960- |
| Relator term |
editor. |
| 700 1# - ADDED ENTRY--PERSONAL NAME |
| Personal name |
Seaman, Kate, |
| Relator term |
editor. |
| 776 08 - ADDITIONAL PHYSICAL FORM ENTRY |
| Relationship information |
ebook version : |
| International Standard Book Number |
9781839108433 |
| 906 ## - LOCAL DATA ELEMENT F, LDF (RLIN) |
| a |
7 |
| b |
cbc |
| c |
copycat |
| d |
2 |
| e |
epcn |
| f |
20 |
| g |
y-gencatlg |
| 925 0# - |
| -- |
acquire |
| -- |
1 shelf copy |
| -- |
policy default |